| 000 | 00902nam a22002177a 4500 | ||
|---|---|---|---|
| 999 |
_c57561 _d57561 |
||
| 005 | 20201109150018.0 | ||
| 008 | 200731s2015 eng||||| |||| 00| 0 enk d | ||
| 020 | _a9780521697729 | ||
| 041 | _aeng | ||
| 080 | _a811.111.1 E-56 | ||
| 245 |
_aEnglish Unlimited Elementary : _bA2. Coursebook with e-Portfolio / _c Alex Tilbury (Author), Theresa Clementson (Author), Leslie Anne Hendra (Author), David Rea (Author), Adrian Doff (Consultant Editor) |
||
| 264 |
_aCambridge : _bCambridge University Press, _c2015. |
||
| 300 |
_a160 pages _b30 cm. _cill. +1CD |
||
| 653 | _aინგლისური ენა | ||
| 653 | _aგრამატიკა | ||
| 700 |
_aTilbury, Alex _eავტორი _93162 |
||
| 700 |
_aClementson, Theresa _eავტორი _93160 |
||
| 700 |
_aLeslie Anne Hendra _eავტორი _93161 |
||
| 700 |
_a David Rea _eავტორი _99084 |
||
| 942 |
_2udc _cBK |
||